[Event "Russian Rapid Team Championship (m)"]
[Site "Sochi"]
[Date "2022.10.18"]
[Round "1.1"]
[White "Zvjaginsev, Vadim"]
[Black "Rodin, Dmitrij"]
[Result "1-0"]
[BlackElo "2304"]
[WhiteElo "2498"]
[LiveChessVersion "1.4.8"]

1. e4 {[%clk 0:15:16]} c5 {[%clk 0:15:18]} 2. Nf3 {[%clk 0:15:25]} e6
{[%clk 0:15:27]} 3. c4 {[%clk 0:15:33]} a6 {[%clk 0:15:20]} 4. Nc3
{[%clk 0:15:35]} Qc7 {[%clk 0:15:28]} 5. Be2 {[%clk 0:15:37]} d6 {[%clk 0:15:30]}
6. d4 {[%clk 0:15:39]} cxd4 {[%clk 0:15:38]} 7. Nxd4 {[%clk 0:15:47]} Nf6
{[%clk 0:15:47]} 8. a4 {[%clk 0:15:35]} Nbd7 {[%clk 0:15:50]} 9. O-O
{[%clk 0:15:34]} Be7 {[%clk 0:15:55]} 10. Be3 {[%clk 0:15:29]} O-O
{[%clk 0:15:18]} 11. a5 {[%clk 0:15:37]} Ne5 {[%clk 0:11:20]} 12. b3
{[%clk 0:12:45]} Bd7 {[%clk 0:09:33]} 13. h3 {[%clk 0:12:17]} Bc6
{[%clk 0:07:32]} 14. Qc2 {[%clk 0:11:44]} Rac8 {[%clk 0:07:33]} 15. f4
{[%clk 0:11:14]} Ng6 {[%clk 0:06:33]} 16. f5 {[%clk 0:11:00]} exf5
{[%clk 0:06:39]} 17. Nxf5 {[%clk 0:11:05]} Rfe8 {[%clk 0:06:41]} 18. Bd4
{[%clk 0:10:53]} Ne5 {[%clk 0:05:42]} 19. Rf2 {[%clk 0:09:06]} Bf8
{[%clk 0:05:32]} 20. Ne3 {[%clk 0:08:53]} Qd8 {[%clk 0:04:11]} 21. Raf1
{[%clk 0:08:23]} Ned7 {[%clk 0:03:45]} 22. b4 {[%clk 0:07:18]} Nxe4
{[%clk 0:01:16]} 23. Rxf7 {[%clk 0:07:18]} Nxc3 {[%clk 0:01:22]} 24. Qxc3
{[%clk 0:07:08]} Ne5 {[%clk 0:01:31]} 25. R7f5 {[%clk 0:03:09]} g6
{[%clk 0:01:15]} 26. R5f2 {[%clk 0:03:08]} Bg7 {[%clk 0:01:24]} 27. Ng4
{[%clk 0:02:51]} Qg5 {[%clk 0:01:14]} 28. Nxe5 {[%clk 0:02:22]} Bxe5
{[%clk 0:01:13]} 29. Bg4 {[%clk 0:02:27]} Rc7 {[%clk 0:01:12]} 30. Bxe5
{[%clk 0:02:13]} Qxe5 {[%clk 0:01:12]} 31. Qd2 {[%clk 0:02:07]} Rce7
{[%clk 0:00:59]} 32. Qh6 {[%clk 0:01:29]} Qg7 {[%clk 0:00:49]} 33. Qf4
{[%clk 0:01:30]} Qe5 {[%clk 0:00:54]} 34. Qh6 {[%clk 0:01:27]} Qg7
{[%clk 0:01:03]} 35. Qd2 {[%clk 0:01:35]} Qe5 {[%clk 0:01:06]} 36. Rd1
{[%clk 0:01:33]} Qg3 {[%clk 0:00:42]} 37. Rdf1 {[%clk 0:01:27]} Qe5
{[%clk 0:00:43]} 38. Rf6 {[%clk 0:01:25]} Qg3 {[%clk 0:00:33]} 39. Qf2
{[%clk 0:01:18]} Qxf2+ {[%clk 0:00:32]} 40. R1xf2 {[%clk 0:01:27]} Re4
{[%clk 0:00:25]} 41. Rxd6 {[%clk 0:01:32]} Kg7 {[%clk 0:00:26]} 42. Rc2
{[%clk 0:01:25]} Re1+ {[%clk 0:00:24]} 43. Kh2 {[%clk 0:01:32]} h5
{[%clk 0:00:22]} 44. Bd7 {[%clk 0:01:40]} Be4 {[%clk 0:00:16]} 45. Rcd2
{[%clk 0:01:27]} Rf8 {[%clk 0:00:23]} 46. h4 {[%clk 0:01:13]} Rf4
{[%clk 0:00:31]} 47. Kg3 {[%clk 0:01:20]} Rff1 {[%clk 0:00:36]} 48. Bh3
{[%clk 0:01:12]} Re3+ {[%clk 0:00:36]} 49. Kh2 {[%clk 0:01:20]} Rf4
{[%clk 0:00:26]} 50. R2d4 {[%clk 0:01:18]} Rxh4 {[%clk 0:00:23]} 51. Re6
{[%clk 0:01:24]} Kh6 {[%clk 0:00:25]} 52. b5 {[%clk 0:01:32]} axb5
{[%clk 0:00:33]} 53. cxb5 {[%clk 0:01:42]} Re2 {[%clk 0:00:35]} 54. Kg3
{[%clk 0:01:44]} Kg5 {[%clk 0:00:40]} 55. Re5+ {[%clk 0:01:23]} Kf6
{[%clk 0:00:43]} 56. Re6+ {[%clk 0:01:31]} Kg5 {[%clk 0:00:52]} 57. Rxg6+
{[%clk 0:01:26]} Bxg6 {[%clk 0:00:45]} 58. Rd5+ {[%clk 0:01:35]} Kf6
{[%clk 0:00:48]} 59. Kxh4 {[%clk 0:01:43]} Ra2 {[%clk 0:00:55]} 60. Rd6+
{[%clk 0:01:48]} Kf7 {[%clk 0:01:01]} 61. a6 {[%clk 0:01:52]} bxa6
{[%clk 0:01:07]} 62. bxa6 {[%clk 0:01:57]} Ra4+ {[%clk 0:01:14]} 63. Kg5
{[%clk 0:02:02]} Be4 {[%clk 0:01:20]} 64. Kxh5 {[%clk 0:02:05]} Ke7
{[%clk 0:01:26]} 65. Re6+ {[%clk 0:02:12]} Kd8 {[%clk 0:01:32]} 66. Kg5
{[%clk 0:02:14]} Kc7 {[%clk 0:01:38]} 67. Re7+ {[%clk 0:02:02]} Kb6
{[%clk 0:01:22]} 68. g3 {[%clk 0:01:42]} Bd3 {[%clk 0:01:16]} 69. Bc8
{[%clk 0:01:45]} Ra5+ {[%clk 0:01:01]} 70. Kf6 {[%clk 0:01:40]} Rc5
{[%clk 0:01:01]} 71. Re8 {[%clk 0:01:42]} Rc6+ {[%clk 0:01:00]} 72. Re6
{[%clk 0:01:42]} Bg6 1-0

[Event "Russian Rapid Team Championship (m)"]
[Site "Sochi"]
[Date "2022.10.18"]
[Round "1.2"]
[White "Klimentov, Evgeny"]
[Black "Grachev, Boris"]
[Result "1/2-1/2"]
[BlackElo "2612"]
[WhiteElo "2235"]
[LiveChessVersion "1.4.8"]

1. e4 {[%clk 0:15:15]} c5 {[%clk 0:15:15]} 2. Nf3 {[%clk 0:15:22]} e6
{[%clk 0:15:24]} 3. d4 {[%clk 0:15:28]} cxd4 {[%clk 0:15:25]} 4. Nxd4
{[%clk 0:15:37]} Nc6 {[%clk 0:15:05]} 5. Nc3 {[%clk 0:15:39]} a6 {[%clk 0:14:47]}
6. g3 {[%clk 0:15:44]} d6 {[%clk 0:14:10]} 7. Bg2 {[%clk 0:15:38]} Bd7
{[%clk 0:14:18]} 8. O-O {[%clk 0:14:53]} Be7 {[%clk 0:14:05]} 9. Re1
{[%clk 0:11:59]} Nf6 {[%clk 0:13:36]} 10. Nxc6 {[%clk 0:11:18]} Bxc6
{[%clk 0:13:37]} 11. e5 {[%clk 0:11:07]} dxe5 {[%clk 0:13:29]} 12. Bxc6+
{[%clk 0:08:34]} bxc6 {[%clk 0:13:37]} 13. Qf3 {[%clk 0:08:32]} Nd5
{[%clk 0:11:17]} 14. Rxe5 {[%clk 0:08:34]} O-O {[%clk 0:10:52]} 15. Re2
{[%clk 0:06:25]} Nxc3 {[%clk 0:10:26]} 16. Qxc3 {[%clk 0:06:31]} Bf6
{[%clk 0:08:57]} 17. Qe1 {[%clk 0:06:26]} Qd5 {[%clk 0:08:37]} 18. c3
{[%clk 0:06:22]} h5 {[%clk 0:08:06]} 19. Bf4 {[%clk 0:05:57]} h4 {[%clk 0:07:27]}
20. Rd2 {[%clk 0:05:37]} Qf5 {[%clk 0:07:35]} 21. Rad1 {[%clk 0:04:41]} e5
{[%clk 0:06:03]} 22. Be3 {[%clk 0:04:45]} h3 {[%clk 0:05:50]} 23. Qe2
{[%clk 0:04:25]} Rfd8 {[%clk 0:04:56]} 24. g4 {[%clk 0:04:05]} Rxd2
{[%clk 0:04:52]} 25. Rxd2 {[%clk 0:03:48]} Qb1+ {[%clk 0:04:16]} 26. Qf1
{[%clk 0:03:55]} Qxa2 {[%clk 0:03:13]} 27. Qxh3 {[%clk 0:03:54]} Rd8
{[%clk 0:03:14]} 28. Rxd8+ {[%clk 0:03:06]} Bxd8 {[%clk 0:03:22]} 29. Qf1
{[%clk 0:03:14]} Qxb2 {[%clk 0:02:17]} 30. Qxa6 {[%clk 0:03:15]} Qb1+
{[%clk 0:02:25]} 31. Qf1 {[%clk 0:03:19]} Qc2 {[%clk 0:01:50]} 32. Qc4
{[%clk 0:02:51]} Ba5 {[%clk 0:01:32]} 33. Qxc6 {[%clk 0:02:19]} Qd1+
{[%clk 0:01:41]} 34. Kg2 {[%clk 0:02:28]} Qxg4+ {[%clk 0:01:49]} 35. Kf1
{[%clk 0:02:34]} Qd1+ {[%clk 0:01:51]} 36. Kg2 {[%clk 0:02:43]} Qg4+
{[%clk 0:02:00]} 37. Kf1 {[%clk 0:02:53]} Kh7 {[%clk 0:01:54]} 38. c4
{[%clk 0:02:54]} Qd1+ {[%clk 0:02:02]} 39. Kg2 {[%clk 0:03:03]} Qg4+
{[%clk 0:02:10]} 40. Kf1 {[%clk 0:03:12]} f5 {[%clk 0:02:09]} 41. Qd5
{[%clk 0:02:53]} Bc7 {[%clk 0:01:37]} 42. Qf7 {[%clk 0:02:42]} Qd1+
{[%clk 0:01:41]} 43. Kg2 {[%clk 0:02:51]} Qg4+ {[%clk 0:01:50]} 44. Kf1
{[%clk 0:03:01]} Bd8 {[%clk 0:01:32]} 45. Qd5 {[%clk 0:03:10]} Bf6
{[%clk 0:01:10]} 46. f3 {[%clk 0:03:08]} Qh3+ {[%clk 0:01:17]} 47. Ke2
{[%clk 0:02:27]} Qxh2+ {[%clk 0:01:21]} 48. Kd1 {[%clk 0:02:36]} Qh1+
{[%clk 0:01:05]} 49. Ke2 {[%clk 0:02:45]} Qg2+ {[%clk 0:01:12]} 50. Kd1
{[%clk 0:02:49]} Qf1+ {[%clk 0:01:07]} 51. Kd2 {[%clk 0:02:52]} Qg2+
{[%clk 0:00:47]} 52. Kd1 {[%clk 0:03:01]} Kg6 {[%clk 0:00:38]} 53. c5
{[%clk 0:03:06]} Qf1+ {[%clk 0:00:35]} 54. Kd2 {[%clk 0:03:15]} Qb5
{[%clk 0:00:43]} 55. Kc1 {[%clk 0:00:43]} Kh7 {[%clk 0:00:24]} 56. Kd2
{[%clk 0:00:40]} Kg6 {[%clk 0:00:33]} 57. Kc1 {[%clk 0:00:49]} Qe2
{[%clk 0:00:33]} 58. Bd2 {[%clk 0:00:52]} Qf1+ {[%clk 0:00:23]} 59. Kc2
{[%clk 0:01:00]} Qb5 {[%clk 0:00:31]} 60. Be3 {[%clk 0:01:01]} Qa4+
{[%clk 0:00:34]} 61. Kd2 {[%clk 0:01:01]} Qa5+ {[%clk 0:00:40]} 62. Kc2
{[%clk 0:01:06]} Qb5 {[%clk 0:00:37]} 63. Kc1 {[%clk 0:01:14]} e4
{[%clk 0:00:27]} 64. fxe4 {[%clk 0:01:19]} Qb2+ {[%clk 0:00:34]} 65. Kd1
{[%clk 0:01:27]} Qb1+ {[%clk 0:00:43]} 66. Kd2 {[%clk 0:01:15]} Qb2+
{[%clk 0:00:25]} 67. Kd1 {[%clk 0:01:20]} Qb1+ {[%clk 0:00:34]} 68. Kd2
{[%clk 0:01:30]} Qb4+ {[%clk 0:00:20]} 69. Kd1 {[%clk 0:01:36]} Qb1+
{[%clk 0:00:21]} 1/2-1/2

[Event "Russian Rapid Team Championship (m)"]
[Site "Sochi"]
[Date "2022.10.18"]
[Round "1.3"]
[White "Dreev, Aleksey"]
[Black "Popov, Maksim"]
[Result "1/2-1/2"]
[BlackElo "2200"]
[WhiteElo "2576"]
[LiveChessVersion "1.4.8"]

1. d4 {[%clk 0:15:18]} Nf6 {[%clk 0:15:19]} 2. c4 {[%clk 0:15:25]} e6
{[%clk 0:15:27]} 3. Nc3 {[%clk 0:15:29]} Bb4 {[%clk 0:15:35]} 4. a3
{[%clk 0:15:36]} Bxc3+ {[%clk 0:15:40]} 5. bxc3 {[%clk 0:15:45]} c5
{[%clk 0:15:36]} 6. e3 {[%clk 0:15:51]} b6 {[%clk 0:15:39]} 7. Bd3
{[%clk 0:15:51]} Nc6 {[%clk 0:15:19]} 8. Nf3 {[%clk 0:15:37]} d6 {[%clk 0:13:53]}
9. e4 {[%clk 0:14:24]} e5 {[%clk 0:13:44]} 10. d5 {[%clk 0:13:53]} Na5
{[%clk 0:13:10]} 11. h3 {[%clk 0:10:57]} Ba6 {[%clk 0:11:06]} 12. Bg5
{[%clk 0:09:57]} h6 {[%clk 0:10:39]} 13. Be3 {[%clk 0:08:31]} Qd7
{[%clk 0:09:53]} 14. Nd2 {[%clk 0:08:35]} O-O-O {[%clk 0:08:13]} 15. a4
{[%clk 0:08:03]} g5 {[%clk 0:06:41]} 16. Nb3 {[%clk 0:06:17]} Kc7
{[%clk 0:06:45]} 17. Nxa5 {[%clk 0:04:44]} bxa5 {[%clk 0:06:53]} 18. Rb1
{[%clk 0:04:53]} Rb8 {[%clk 0:06:50]} 19. Rb5 {[%clk 0:05:01]} Bxb5
{[%clk 0:06:26]} 20. cxb5 {[%clk 0:05:10]} c4 {[%clk 0:04:48]} 21. Bxc4
{[%clk 0:02:17]} Nxe4 {[%clk 0:04:54]} 22. Qf3 {[%clk 0:01:50]} Nc5
{[%clk 0:04:31]} 23. Bxc5 {[%clk 0:01:41]} dxc5 {[%clk 0:04:40]} 24. d6+
{[%clk 0:01:33]} Kb6 {[%clk 0:04:38]} 25. O-O {[%clk 0:01:38]} f5
{[%clk 0:04:38]} 26. Rd1 {[%clk 0:01:13]} Rhf8 {[%clk 0:04:32]} 27. Rd5
{[%clk 0:00:29]} e4 {[%clk 0:04:31]} 28. Qe3 {[%clk 0:00:27]} Rbc8
{[%clk 0:04:33]} 29. h4 {[%clk 0:00:17]} f4 {[%clk 0:02:39]} 30. Qxe4
{[%clk 0:00:24]} Rce8 {[%clk 0:02:47]} 31. Qd3 {[%clk 0:00:13]} Re1+ 32. Kh2 g4
{[%clk 0:02:40]} 33. Rxc5 {[%clk 0:00:29]} g3+ {[%clk 0:02:33]} 34. fxg3
{[%clk 0:00:38]} fxg3+ {[%clk 0:02:42]} 35. Kxg3 {[%clk 0:00:32]} Qg7+
{[%clk 0:00:29]} 36. Kh2 {[%clk 0:00:41]} Qg4 {[%clk 0:00:26]} 37. Qd4
{[%clk 0:00:36]} Qxd4 {[%clk 0:00:20]} 38. cxd4 {[%clk 0:00:45]} Rd8
{[%clk 0:00:21]} 39. Rc6+ {[%clk 0:00:46]} Kb7 {[%clk 0:00:31]} 40. Bd5
{[%clk 0:00:49]} Kb8 {[%clk 0:00:40]} 41. Ra6 {[%clk 0:00:47]} Rb1
{[%clk 0:00:44]} 42. Bc6 {[%clk 0:00:32]} Rxd6 {[%clk 0:00:50]} 43. d5
{[%clk 0:00:39]} h5 {[%clk 0:00:51]} 44. Rxa5 {[%clk 0:00:36]} Rb2
{[%clk 0:00:56]} 45. Kh3 {[%clk 0:00:31]} Rb3+ {[%clk 0:01:02]} 46. Kh2
{[%clk 0:00:40]} Rb2 {[%clk 0:01:11]} 47. Kh3 {[%clk 0:00:19]} Rb3+
{[%clk 0:01:20]} 48. Kh2 {[%clk 0:00:27]} Rb2 {[%clk 0:01:29]} 49. Kh3
{[%clk 0:00:34]} Rb3+ {[%clk 0:01:38]} 1/2-1/2

[Event "Russian Rapid Team Championship (m)"]
[Site "Sochi"]
[Date "2022.10.18"]
[Round "1.4"]
[White "Rudakov, Sergey S."]
[Black "Popov, Ivan"]
[Result "0-1"]
[BlackElo "2616"]
[WhiteElo "1942"]
[LiveChessVersion "1.4.8"]

1. e4 {[%clk 0:15:15]} c6 {[%clk 0:15:18]} 2. d4 {[%clk 0:15:20]} d5
{[%clk 0:15:26]} 3. e5 {[%clk 0:15:28]} c5 {[%clk 0:15:33]} 4. Nf3
{[%clk 0:15:33]} cxd4 {[%clk 0:15:37]} 5. Qxd4 {[%clk 0:15:38]} Nc6
{[%clk 0:15:23]} 6. Qf4 {[%clk 0:15:42]} e6 {[%clk 0:15:29]} 7. Bd3
{[%clk 0:15:25]} Nb4 {[%clk 0:15:24]} 8. O-O {[%clk 0:13:52]} Nxd3
{[%clk 0:15:31]} 9. cxd3 {[%clk 0:13:56]} Ne7 {[%clk 0:15:35]} 10. Nc3
{[%clk 0:13:20]} Ng6 {[%clk 0:14:40]} 11. Qg3 {[%clk 0:13:15]} Bd7
{[%clk 0:12:34]} 12. Be3 {[%clk 0:12:11]} Be7 {[%clk 0:11:50]} 13. Rac1
{[%clk 0:11:24]} O-O {[%clk 0:09:57]} 14. h3 {[%clk 0:09:22]} Rc8
{[%clk 0:09:22]} 15. Nd4 {[%clk 0:09:02]} Bh4 {[%clk 0:05:44]} 16. Qh2
{[%clk 0:09:03]} f6 {[%clk 0:05:52]} 17. f4 {[%clk 0:07:42]} fxe5
{[%clk 0:05:53]} 18. fxe5 {[%clk 0:07:49]} Rxf1+ {[%clk 0:04:57]} 19. Rxf1
{[%clk 0:07:53]} Qb6 {[%clk 0:04:39]} 20. g3 {[%clk 0:06:34]} Bg5
{[%clk 0:01:57]} 21. Qf2 {[%clk 0:05:21]} Rf8 {[%clk 0:01:19]} 22. Qe2
{[%clk 0:04:58]} Bxe3+ {[%clk 0:01:27]} 23. Qxe3 {[%clk 0:05:03]} Rxf1+
{[%clk 0:01:36]} 24. Kxf1 {[%clk 0:05:12]} Qxb2 {[%clk 0:01:43]} 25. Nde2
{[%clk 0:05:03]} b6 {[%clk 0:01:35]} 26. Qg5 {[%clk 0:05:06]} Qb4
{[%clk 0:01:27]} 27. h4 {[%clk 0:04:47]} Qe7 {[%clk 0:01:01]} 28. Qe3
{[%clk 0:04:49]} h6 {[%clk 0:01:00]} 29. Ke1 {[%clk 0:04:46]} Qc5
{[%clk 0:01:06]} 30. d4 {[%clk 0:04:42]} Qb4 {[%clk 0:01:08]} 31. Kf2
{[%clk 0:04:44]} Qf8+ {[%clk 0:01:09]} 32. Ke1 {[%clk 0:04:50]} Ne7
{[%clk 0:01:18]} 33. g4 {[%clk 0:04:52]} Ng6 {[%clk 0:00:58]} 34. Qg3
{[%clk 0:04:51]} Qe7 {[%clk 0:00:46]} 35. g5 {[%clk 0:04:42]} hxg5
{[%clk 0:00:50]} 36. hxg5 {[%clk 0:04:49]} Qf7 {[%clk 0:00:53]} 37. Qe3
{[%clk 0:04:23]} Qf5 {[%clk 0:00:57]} 38. Kd2 {[%clk 0:04:25]} Nh4
{[%clk 0:00:55]} 39. Ng3 {[%clk 0:04:20]} Qxg5 {[%clk 0:01:02]} 40. Qxg5
{[%clk 0:04:18]} Nf3+ {[%clk 0:01:11]} 41. Ke3 {[%clk 0:04:25]} Nxg5
{[%clk 0:01:20]} 42. Kf4 {[%clk 0:04:20]} Nf7 {[%clk 0:01:27]} 43. Nh5
{[%clk 0:04:15]} Be8 {[%clk 0:01:34]} 44. Kg3 {[%clk 0:04:14]} Nd8
{[%clk 0:01:10]} 45. Nf4 {[%clk 0:04:14]} Kf7 {[%clk 0:01:19]} 46. Kf3
{[%clk 0:04:10]} Ke7 {[%clk 0:01:26]} 47. Ke3 {[%clk 0:04:17]} Nc6
{[%clk 0:01:28]} 48. Nd3 {[%clk 0:04:08]} g5 {[%clk 0:01:15]} 49. Nb5
{[%clk 0:03:35]} Nxe5 {[%clk 0:01:11]} 50. Nxa7 {[%clk 0:03:43]} Nxd3
{[%clk 0:01:16]} 51. Kxd3 {[%clk 0:03:46]} Kd8 {[%clk 0:01:21]} 52. Ke3
{[%clk 0:03:50]} Kc7 {[%clk 0:01:29]} 0-1

[Event "Russian Rapid Team Championship (m)"]
[Site "Sochi"]
[Date "2022.10.18"]
[Round "1.5"]
[White "Ovod, Evgenija"]
[Black "Artemiev, Vladislav"]
[Result "0-1"]
[BlackElo "2710"]
[WhiteElo "2223"]
[LiveChessVersion "1.4.8"]

1. e4 {[%clk 0:15:18]} c5 {[%clk 0:11:39]} 2. Nf3 {[%clk 0:15:25]} e6
{[%clk 0:11:47]} 3. g3 {[%clk 0:15:15]} Nc6 {[%clk 0:11:50]} 4. Bg2
{[%clk 0:15:23]} Nf6 {[%clk 0:11:58]} 5. d3 {[%clk 0:15:31]} d6 {[%clk 0:11:48]}
6. O-O {[%clk 0:15:31]} Be7 {[%clk 0:11:43]} 7. Re1 {[%clk 0:13:53]} O-O
{[%clk 0:11:34]} 8. c3 {[%clk 0:13:17]} Bd7 {[%clk 0:11:40]} 9. d4
{[%clk 0:13:22]} cxd4 {[%clk 0:11:45]} 10. cxd4 {[%clk 0:13:29]} d5
{[%clk 0:11:54]} 11. exd5 {[%clk 0:12:44]} Nxd5 {[%clk 0:11:37]} 12. Nc3
{[%clk 0:12:51]} Nxc3 {[%clk 0:10:31]} 13. bxc3 {[%clk 0:12:59]} Rc8
{[%clk 0:10:36]} 14. Qd3 {[%clk 0:11:40]} Qa5 {[%clk 0:08:51]} 15. Rb1
{[%clk 0:09:41]} b6 {[%clk 0:08:05]} 16. Bd2 {[%clk 0:09:37]} Qa3
{[%clk 0:06:31]} 17. h4 {[%clk 0:07:46]} h6 {[%clk 0:05:14]} 18. Re2
{[%clk 0:02:53]} Rfd8 {[%clk 0:03:51]} 19. Bc1 {[%clk 0:02:46]} Qa4
{[%clk 0:03:07]} 20. Kh2 {[%clk 0:02:44]} Be8 {[%clk 0:02:58]} 21. Qe4
{[%clk 0:02:42]} Qc4 {[%clk 0:03:01]} 22. Rb3 {[%clk 0:02:17]} Bf8
{[%clk 0:01:48]} 23. Nd2 {[%clk 0:02:18]} Qa6 {[%clk 0:01:51]} 24. Nf3
{[%clk 0:02:13]} Na5 {[%clk 0:01:57]} 25. Rbb2 {[%clk 0:01:30]} Rxc3
{[%clk 0:02:04]} 26. Bd2 {[%clk 0:01:39]} Bc6 {[%clk 0:01:45]} 27. Qg4
{[%clk 0:01:22]} Qxe2 {[%clk 0:00:36]} 28. Bxc3 {[%clk 0:01:30]} Qd1
{[%clk 0:00:29]} 29. Rd2 {[%clk 0:01:19]} Qc1 {[%clk 0:00:29]} 30. Bb2
{[%clk 0:00:59]} Bxf3 {[%clk 0:00:28]} 31. Qf4 {[%clk 0:01:03]} Bd6
{[%clk 0:00:22]} 32. Qe3 {[%clk 0:00:42]} Nc4 {[%clk 0:00:19]} 33. Bxc1
{[%clk 0:00:41]} Nxe3 {[%clk 0:00:28]} 34. fxe3 {[%clk 0:00:46]} Bxg2
{[%clk 0:00:35]} 35. Kxg2 {[%clk 0:00:55]} Rc8 {[%clk 0:00:45]} 36. Bb2
{[%clk 0:01:02]} f5 {[%clk 0:00:34]} 37. Kf3 {[%clk 0:01:09]} h5 {[%clk 0:00:23]}
38. d5 {[%clk 0:00:27]} e5 {[%clk 0:00:30]} 39. e4 {[%clk 0:00:36]} fxe4+
{[%clk 0:00:39]} 40. Kxe4 {[%clk 0:00:44]} Rc4+ {[%clk 0:00:48]} 41. Kf5
{[%clk 0:00:45]} Kf7 {[%clk 0:00:57]} 42. Rf2 {[%clk 0:00:31]} Rg4
{[%clk 0:00:56]} 0-1

[Event "Russian Rapid Team Championship (m)"]
[Site "Sochi"]
[Date "2022.10.18"]
[Round "1.6"]
[White "Sjugirov, Sanan"]
[Black "Efremov, Vladislav"]
[Result "1/2-1/2"]
[BlackElo "2118"]
[WhiteElo "2609"]
[LiveChessVersion "1.4.8"]

1. e4 {[%clk 0:15:17]} e5 {[%clk 0:15:17]} 2. Nf3 {[%clk 0:15:25]} Nc6
{[%clk 0:15:21]} 3. Bb5 {[%clk 0:15:25]} Nf6 {[%clk 0:15:16]} 4. d3
{[%clk 0:15:29]} Bc5 {[%clk 0:15:18]} 5. Bxc6 {[%clk 0:15:12]} dxc6
{[%clk 0:15:18]} 6. Nbd2 {[%clk 0:15:00]} Be6 {[%clk 0:14:41]} 7. h3
{[%clk 0:14:56]} Nd7 {[%clk 0:14:04]} 8. Nb3 {[%clk 0:14:50]} Bb6
{[%clk 0:13:34]} 9. Ng5 {[%clk 0:14:51]} Bxb3 {[%clk 0:13:42]} 10. axb3
{[%clk 0:14:59]} f6 {[%clk 0:13:46]} 11. Nf3 {[%clk 0:15:01]} O-O
{[%clk 0:13:06]} 12. O-O {[%clk 0:14:36]} Nc5 {[%clk 0:12:50]} 13. Nd2
{[%clk 0:14:28]} Ne6 {[%clk 0:12:40]} 14. Nc4 {[%clk 0:14:35]} Qe7
{[%clk 0:11:31]} 15. Kh2 {[%clk 0:14:29]} Bc5 {[%clk 0:09:34]} 16. Bd2
{[%clk 0:12:23]} Rfd8 {[%clk 0:08:14]} 17. g3 {[%clk 0:12:09]} b5
{[%clk 0:06:21]} 18. Na5 {[%clk 0:11:33]} Qd7 {[%clk 0:06:25]} 19. Nb7
{[%clk 0:11:21]} Re8 {[%clk 0:06:31]} 20. Nxc5 {[%clk 0:11:23]} Nxc5
{[%clk 0:06:39]} 21. Be3 {[%clk 0:11:25]} Qd6 {[%clk 0:06:10]} 22. Qd2
{[%clk 0:08:04]} a6 {[%clk 0:05:56]} 23. b4 {[%clk 0:06:41]} Ne6 {[%clk 0:05:18]}
24. Qc3 {[%clk 0:06:49]} Nd4 {[%clk 0:04:38]} 25. f4 {[%clk 0:04:46]} Kh8
{[%clk 0:03:58]} 26. Rf2 {[%clk 0:04:14]} Ne6 {[%clk 0:02:10]} 27. fxe5
{[%clk 0:03:48]} fxe5 {[%clk 0:02:09]} 28. Rf5 {[%clk 0:03:55]} Nd4
{[%clk 0:02:06]} 29. Bxd4 {[%clk 0:03:15]} exd4 {[%clk 0:02:14]} 30. Qc5
{[%clk 0:03:13]} Kg8 {[%clk 0:02:11]} 31. Kg2 {[%clk 0:02:19]} g6
{[%clk 0:01:00]} 32. Qxd6 {[%clk 0:02:16]} cxd6 {[%clk 0:01:09]} 33. Rf6
{[%clk 0:02:25]} d5 {[%clk 0:01:18]} 34. Re1 {[%clk 0:02:12]} dxe4
{[%clk 0:01:17]} 35. Rxe4 {[%clk 0:01:27]} Rxe4 {[%clk 0:01:13]} 36. dxe4
{[%clk 0:01:36]} Rc8 {[%clk 0:00:43]} 37. Kf3 {[%clk 0:00:47]} c5
{[%clk 0:00:52]} 38. Ke2 {[%clk 0:00:56]} cxb4 {[%clk 0:00:48]} 39. Kd3
{[%clk 0:01:05]} a5 {[%clk 0:00:47]} 40. Ra6 {[%clk 0:00:13]} a4 {[%clk 0:00:56]}
41. Ra7 {[%clk 0:00:20]} Rc5 {[%clk 0:00:43]} 42. g4 {[%clk 0:00:22]} g5
{[%clk 0:00:41]} 43. b3 {[%clk 0:00:14]} Rc3+ {[%clk 0:00:22]} 44. Kxd4
{[%clk 0:00:13]} Rxc2 {[%clk 0:00:31]} 45. Ra5 {[%clk 0:00:12]} a3
{[%clk 0:00:20]} 46. Ra7 {[%clk 0:00:16]} Rc3 {[%clk 0:00:21]} 47. e5
{[%clk 0:00:20]} Kf8 {[%clk 0:00:22]} 48. e6 {[%clk 0:00:19]} Rxb3
{[%clk 0:00:25]} 49. Ke5 {[%clk 0:00:13]} Rb2 {[%clk 0:00:21]} 50. Ra8+
{[%clk 0:00:19]} Ke7 {[%clk 0:00:29]} 51. Ra7+ {[%clk 0:00:28]} Ke8
{[%clk 0:00:30]} 52. Ra8+ {[%clk 0:00:36]} 1/2-1/2

[Event "Russian Rapid Team Championship (m)"]
[Site "Sochi"]
[Date "2022.10.18"]
[Round "1.7"]
[White "Shakirov, Marat"]
[Black "Timofeev, Artyom"]
[Result "0-1"]
[BlackElo "2560"]
[WhiteElo "2028"]
[LiveChessVersion "1.4.8"]

1. d4 {[%clk 0:15:18]} Nf6 {[%clk 0:15:17]} 2. c4 {[%clk 0:15:26]} g6
{[%clk 0:15:23]} 3. Nc3 {[%clk 0:15:34]} d5 {[%clk 0:15:30]} 4. cxd5
{[%clk 0:15:40]} Nxd5 {[%clk 0:15:38]} 5. Bd2 {[%clk 0:15:47]} Bg7
{[%clk 0:15:44]} 6. e4 {[%clk 0:15:55]} Nb6 {[%clk 0:15:51]} 7. Be3
{[%clk 0:16:04]} O-O {[%clk 0:15:57]} 8. h3 {[%clk 0:16:08]} Be6 {[%clk 0:15:55]}
9. Nf3 {[%clk 0:15:11]} Bc4 {[%clk 0:15:59]} 10. Rc1 {[%clk 0:14:49]} c6
{[%clk 0:15:31]} 11. g3 {[%clk 0:13:41]} N8d7 {[%clk 0:15:27]} 12. b3
{[%clk 0:12:31]} Bxf1 {[%clk 0:15:16]} 13. Kxf1 {[%clk 0:12:40]} e6
{[%clk 0:12:46]} 14. Kg2 {[%clk 0:12:37]} Qe7 {[%clk 0:12:54]} 15. Qe2
{[%clk 0:10:36]} e5 {[%clk 0:12:44]} 16. Rhd1 {[%clk 0:10:25]} exd4
{[%clk 0:12:42]} 17. Bxd4 {[%clk 0:10:32]} Rfe8 {[%clk 0:12:43]} 18. Bxg7
{[%clk 0:09:02]} Kxg7 {[%clk 0:12:51]} 19. a4 {[%clk 0:09:10]} a5
{[%clk 0:12:50]} 20. Qe3 {[%clk 0:07:56]} Rad8 {[%clk 0:12:13]} 21. h4
{[%clk 0:07:07]} h5 {[%clk 0:09:20]} 22. Ng5 {[%clk 0:06:50]} Nc8
{[%clk 0:09:03]} 23. Ne2 {[%clk 0:05:15]} Ne5 {[%clk 0:07:14]} 24. Nf4
{[%clk 0:04:15]} Kg8 {[%clk 0:06:57]} 25. Qc3 {[%clk 0:02:46]} Rxd1
{[%clk 0:06:37]} 26. Rxd1 {[%clk 0:02:54]} Qb4 {[%clk 0:06:30]} 27. Qxb4
{[%clk 0:02:15]} axb4 {[%clk 0:06:38]} 28. Rd4 {[%clk 0:02:24]} c5
{[%clk 0:06:10]} 29. Rd5 {[%clk 0:02:23]} b6 {[%clk 0:06:17]} 30. a5
{[%clk 0:01:34]} f6 {[%clk 0:06:14]} 31. Nf3 {[%clk 0:01:42]} Ne7
{[%clk 0:05:06]} 32. Rd6 {[%clk 0:01:50]} bxa5 {[%clk 0:03:01]} 33. Nxe5
{[%clk 0:01:57]} fxe5 {[%clk 0:03:08]} 34. Nxg6 {[%clk 0:02:01]} c4
{[%clk 0:01:57]} 35. bxc4 {[%clk 0:02:02]} a4 {[%clk 0:02:00]} 36. Nxe5
{[%clk 0:01:42]} b3 {[%clk 0:01:18]} 37. Nd3 {[%clk 0:00:57]} a3 {[%clk 0:01:04]}
38. Ra6 {[%clk 0:00:42]} a2 {[%clk 0:00:41]} 39. c5 {[%clk 0:00:39]} Rd8
{[%clk 0:00:45]} 40. Nb2 {[%clk 0:00:48]} Rd2 {[%clk 0:00:48]} 41. Nc4
{[%clk 0:00:56]} Rc2 {[%clk 0:00:49]} 42. Ne3 {[%clk 0:00:56]} Rxc5
{[%clk 0:00:48]} 0-1